LEADER 01604nam a2200337 u 4500 001 000000028558 003 CaOOAMICUS 005 20070226111821.0 008 960801s1979 it u000 u ita u 035 $a10740488 040 $aPUL(R)$bita 100 1 $aSaitta, Armando,$d1919-$0(OLS)http://pul/name/6194 245 10$a2000 anni di storia.$n2,$pDall'Impero di Roma a Bisanzio /$cArmando Saitta. 246 30$aDall'Impero di Roma a Bisanzio 260 $aBari :$bLaterza,$c1979. 300 $axi, 751 p. ;$c21 cm 490 1 $aStoria e società (Laterza) ;$v2 500 $aInclude indici 504 $aBibliografia in nota e nei paragrafi "Le prospettive storiografiche" 600 04$aConstantinus Magnus,$cimperatore romano,$d272-337.$0(OLS)http://pul/subject/3853 650 4$aCristianesimo e paganesimo$ySec. I-V.$0(OLS)http://pul/subject/16463 830 0$aStoria e società (Laterza) ;$v2.$0(OLS)http://pul/title/761 850 $aPUL 852 $aPUL$W1$xDP1 Altre Collocazioni$y17$mSenza collocazione$j12$nBK-PRI$b $qStampati$B39638$CPULBib$Z2$F39638 $H $81 852 $aPUL$W1$xDP1 Fondo Maccarrone$y58$m1507 D 11$j39637$nBK-PRI$b $qFondi$B39637$CPULBib$Z2$F39637 $H $81 941 1 $a8 941 1 $a1 961 $aINV: 02093 -- Fondo Mons. M. Maccarrone 996 $6245$a2000 anni di storia.$n2,$pDall'Impero di Roma a Bisanzio$9(OLS)http://pul/title/38992 996 $6246$aDall'Impero di Roma a Bisanzio$9(OLS)http://pul/title/38993 996 $6260$aBari :$bLaterza$9(OLS)http://pul/publisher/47895 LEADER 01373nam a2200253 a 4500 001 000000145409 003 CaOOAMICUS 005 20150903095714.0 008 150903s1981 it u000 u ita r 040 $aPUL$bita 245 03$aLa catechesi negli anni 80 :$bda "Il rinnovamento della catechesi" alla "Catechesi tradendae". Sinossi dei documenti ecclesiali sulla catechesi: 1970-1979 /$cA. Balocco ... [et al.]. 260 $aRoma :$bCentro catechistico paolino ;$aRoma :$bFiglie di San Paolo,$c1981. 300 $a207 p. ;$c21 cm 490 1 $aFede e vita ;$v12 650 4$aCatechesi$xChiesa cattolica.$0(OLS)http://pul/subject/15094 700 1 $aBalocco, Anselmo,$cF.S.C.,$d1910-1995.$0(OLS)http://pul/name/101680 830 0$aFede e vita (Centro catechistico paolino) ;$v12.$0(OLS)http://pul/title/182651 850 $aPUL 852 $aPUL$W1$xDP1 Fondo S. Lanza$y121$m3 N 68$j168152$qFondi$q $B168736$CPULBib$Z2$F168736 $HLan1602 $81 941 1 $a1 996 $6245$aLa catechesi negli anni 80 :$bda "Il rinnovamento della catechesi" alla "Catechesi tradendae". Sinossi dei documenti ecclesiali sulla catechesi: 1970-1979$9(OLS)http://pul/title/183877 996 $6260$aRoma :$bCentro catechistico paolino$9(OLS)http://pul/publisher/83520 996 $6260$aRoma :$bFiglie di San Paolo$9(OLS)http://pul/publisher/64854